[Event "EU-ch 9th"]
[Site "Plovdiv"]
[Date "2008.04.30"]
[Round "9"]
[White "Efimenko, Zahar"]
[Black "L'Ami, Erwin"]
[Result "0-1"]
[WhiteElo "2660"]
[BlackElo "2600"]
[Annotator "L'Ami,E"]
[PlyCount "122"]
[EventDate "2008.04.21"]
[EventType "swiss"]
[EventRounds "11"]
[EventCountry "BUL"]
[SourceTitle "CBM 124"]
[Source "ChessBase"]
[SourceDate "2008.05.28"]
[SourceVersion "1"]
[SourceVersionDate "2008.05.28"]
[SourceQuality "1"]

1. e4 c6 2. d4 d5 3. e5 Bf5 4. Nf3 e6 5. Be2 Nd7 6. O-O Ne7 7. Nbd2 Bg6 8. Nh4
c5 9. Nxg6 hxg6 10. c3 Nc6 11. Nf3 Be7 12. Be3 {I had checked this position
superficially before the game and figured I would have an improved French
Defence. Without the bishop on c8 and having such a compact pawn structure
things couldn't be better for Black! On closer inspection I became less happy
with the line I chose, Black's king has no save haven; short castling always
runs into the plan g3-h4-Kg2-Rh1-h5 with an attack, while long castling is not
desirable because Black wants to push his pawns on that wing. Furthermore
White has the simple plan of pushing g3-h4 which usually results in an
annoying initiative on the kingside. I would recommend players defending the
Black side of the Caro-Kann to check 5...c5 which seems to be the correct way.
Back to the game, I decided not to decide the positioning of my king just yet
but first grabbed some space on the queenside.} a6 13. g3 b5 (13... g5 $5 {
was tried previously but this solution of meeting h4 seems a bit to radical to
me.}) 14. h4 Nb6 15. b3 (15. dxc5 Na4 {would not be an improvement over the
game for White. I am however not sure if the text move is the strongest; of
course it takes away the square c4 from the knight but it also creates a point
of attack for Black.}) 15... c4 16. Kg2 ({The position is very interesting
from a strategic point of view. First of all, many engines will tell you,
White is better after} 16. a4 $6 {but it is exactly the opposite:} Na5 17. axb5
axb5 18. b4 Nb3 19. Rxa8 Qxa8 {with a nice initiative for Black.}) ({The same
goes for} 16. b4 $6 a5 17. a3 Ra7 18. Kg2 Qa8 {with nice play for Black.
White's best is therefore to stick to his initial plans of grabbing the
initiative on the other wing. The move 16.Kg2 serves that plan very well,
making way for the rook to go to h1.}) 16... a5 {Now White has to reckon with
ideas involving pushing a4, forcing b4, than continuing a3-Na4 followed by a
sacrifice on c3 or b4. The two pawns could prove more valuable then a piece.
Another idea is to push ...b4, opening the position on the queenside.} 17. Nd2
Rc8 ({Now} 17... b4 {doesn't work} 18. bxc4 dxc4 (18... bxc3 19. c5 cxd2 20.
cxb6 {White is much better}) 19. cxb4 axb4 20. Nxc4 $1 Qd5+ $140 21. Bf3 Qxc4
22. Rc1 {winning material.}) ({and the sacrificial ideas after} 17... a4 18. b4
a3 {are parried by} 19. Qc1 $1 {for example} Nxb4 (19... Na4 20. Qxa3 {and
Black can't profit from the stange position of White's queen.}) 20. cxb4 Bxb4
21. Rb1 {Black's compensation is not enough. With the textmove I am trying to
make the b4-push possible.}) 18. Rc1 {Prophylactic measures against ...b4.} a4
$5 19. bxc4 ({Since} 19. b4 a3 $1 {followed b4 Na4 gives White no chances of
preventing the strong sacrifices on c3 or b4.}) 19... bxc4 $6 ({A strategic
error, which gets me into real trouble. I had visions of playing a3-Na4 and
Rb8-b2 but this is way too optimistic. Instead I should go for} 19... dxc4 20.
Rh1 (20. Ne4 b4 {gives good counterplay.}) 20... Nd5 21. Ne4 {but, I must
admit, White is better here as well.}) 20. Qc2 a3 {Creating an outpost on b2.}
21. Rb1 Ra8 {Facilitating a route for the knight to reach b2.} 22. Bg4 $1 {
Around here I started to realise things really weren't going that great. White
prepares Nf3-Bg5 and makes sure that I will have to watch out for Bxe6 all the
time.} Na4 23. Nf3 Qd7 ({I didn't like the look of} 23... Qa5 24. Bxe6 $1 Qxc3
(24... fxe6 25. Qxg6+) 25. Bxd5 Qxc2 26. Bxc6+ Kd8 27. Bxa8 {with d4-d5-d6 to
come.}) 24. Rh1 {White is conducting the game very well, now h5 is on the
cards while my queenside play is -let's put it mildly- disappointing.} Kd8 $5 {
The start of a heroic journey by his majesty.} 25. h5 gxh5 26. Bxh5 Rf8 (26...
g6 {fails to} 27. Bxg6 Rxh1 28. Rxh1 fxg6 29. Rh8+) 27. Bg4 Kc7 28. Rh7 Rg8 29.
Bh5 {Forcing me to further weaken my queenside.} g6 30. Bg4 Qe8 31. Rbh1 $6 ({
This looks a bit slow, I think} 31. Bg5 Rh8 32. Rxh8 Qxh8 33. Bxe7 Nxe7 34. Ng5
{deserves serious attention.}) 31... Kb6 {I like this move, taking advantage
of the fact that White's rook just left the b-file. On the 7th rank my king is
more vulnerable to Bxe6-ideas while on a5 (yes, that's where he is going!) he
is supporting counterplay by Rb8-b2. It is suprisingly difficult for White to
break through here, and we were of course running out of time as well.} 32. Ng5
{A difficult decision. As I mentioned before White was perhaps better off
exchanging bishops on g5, keeping the knight to pressure f7.} Bxg5 33. Bxg5 Ka5
34. Rb1 Rh8 {It is important to exchange this strong rook.} 35. Rxh8 Qxh8 36.
Rb7 (36. Bc1 Qf8 37. Rb7 Ra7 38. Qb1 (38. Rxa7+ Nxa7 39. Bd1 Nb6 {is OK for
Black as well, the knights are a good match for the bishops.}) 38... Nb2 $1 {
holds, because of} 39. Rxa7+ Nxa7 40. Bxb2 Qb8 $1) 36... Qf8 {Preparing Ra7
when my position is saved.} 37. Qc1 $5 Ka6 $1 ({White's last move is not easy
to meet with little time on the clock. His idea is} 37... Rb8 38. Bh6 $1 Qe8
39. Rxb8 Qxb8 40. Qxa3 {with a win.}) 38. Rc7 Kb6 39. Rd7 Qe8 40. Rd6 {This is
the position I spent my last minutes on, White's rook looks strong but is also
close to being trapped.} Nb2 (40... Kc7 $5 41. Qxa3 Nb6 42. Qc5 Na4 43. Qa3 Nb6
{would have been a draw.}) 41. Bd1 $2 ({Accompanied by a draw offer. It is
very difficult when you have been pressing the whole game and finding yourself
having to switch to defence. Black is threatening Kc7-Na5-Nb7, winning the
rook. White has to act directly in order to stop it.} 41. Qf4 $1 {now} Kc7 42.
Qf6 {is dangerous for Black because Bxe6 is coming. Black should chose 41...
Na4 forcing the queen's retreat 42.Qc1 when 42...Nb2 draws.}) 41... Kc7 42. Bc2
Na5 $1 43. Bf4 Nb7 44. g4 Nxd6 45. exd6+ Kc6 46. Bg3 Qd8 47. Qh6 Na4 48. Qe3
Nb6 49. Bd1 Nc8 50. Bf3 Nxd6 {And the rest is easy.} 51. Qc1 g5 52. Qb1 Qa5 53.
Bxd6 Kxd6 54. Qb7 Qa7 55. Qb4+ Kd7 56. Bd1 Qa5 57. Qb7+ Ke8 58. Qc6+ Ke7 59.
Qb7+ Kf8 60. Bc2 Kg7 61. Bb1 Qd8 0-1

[Event "Amsterdam Euwe Memorial"]
[Site "Amsterdam"]
[Date "1992.??.??"]
[Round "?"]
[White "Short, Nigel D"]
[Black "Seirawan, Yasser"]
[Result "0-1"]
[WhiteElo "2685"]
[BlackElo "2600"]
[Annotator "Blatny,P"]
[PlyCount "92"]
[EventDate "1992.05.??"]
[EventType "tourn"]
[EventRounds "6"]
[EventCountry "NED"]
[EventCategory "16"]
[SourceTitle "CBM 030"]
[Source "ChessBase"]
[SourceDate "1992.10.01"]
[SourceVersion "1"]
[SourceVersionDate "1992.10.01"]
[SourceQuality "1"]

1. e4 c6 2. d4 d5 3. e5 Bf5 4. Nf3 e6 5. Be2 c5 6. O-O Nc6 7. c3 cxd4 8. cxd4
Nge7 9. b3 {><c4,/^c1-a3-f8,/^c1-b2-><d4 :Ne7-b6-c4} (9. a3 {Short,N-Karpov,An/
Linares cs1/1992/  -> CBM 29}) 9... Be4 (9... Nb4 10. Nc3 Nc2 11. Rb1 Nc6 12.
Bb2 Na3 13. Rc1 {/\פa3}) (9... Ng6 {/\f6 ->[+]}) 10. Nbd2 Nf5 11. Bb2 Bb4 12.
g4 $5 (12. a3 $2 Bxd2 13. Qxd2 Bxf3 14. Bxf3 Qb6 $17) 12... Nh4 (12... Bxd2 13.
Qxd2 Nh4 14. Ne1 (14. Nxh4 Qxh4 15. f3 Bg6 16. Ba3 {/^a3-f8 : 0-0} h5 $132)
14... h5 $1 15. f3 Bg6 16. h3 hxg4 17. hxg4 $14) 13. Nxe4 {/\קe4} dxe4 14.
Nxh4 Qxh4 15. Qc2 h5 16. Qxe4 hxg4 17. Qg2 O-O-O (17... f5 $6 18. exf6 gxf6 19.
d5 $1 exd5 20. Bxg4 Rg8 21. h3 f5 22. Qxd5 {->}) 18. Bxg4 Kb8 (18... Nxd4 $2
19. Rac1+ Nc6 (19... Kb8 20. Rc4 $18) (19... Kd7 20. Bxd4 $18) 20. Rxc6+ bxc6
21. Qxc6+ Kb8 22. Qb5+ Kc8 (22... Ka8 23. Bf3+ Rd5 24. Bxd5+ exd5 25. Qxd5+ Kb8
26. Qg2 Rh6 27. Kh1 Rg6 28. Qf3 f6 29. Rd1 $40) 23. Qc4+ Kb8 (23... Kd7 24.
Rd1+ Ke8 25. Qb5+ $18) 24. Qxb4+ $18) 19. Rfd1 f5 (19... Rh6 20. h3 Rg6 21. Qe4
Rh8 (21... Qxh3 22. Qxg6 $18) 22. Kf1) (19... Rd7 20. Rac1 Rhd8 21. Qe4 Ba5 $13
) 20. Bf3 (20. exf6 gxf6 21. Qg3+ Rd6 (21... Qxg3+ 22. hxg3) 22. Rac1 (22. Bxe6
Qxg3+ 23. hxg3 Rxe6 24. d5 Re2 25. Bxf6 Rf8 $19) 22... Qxg3+ 23. hxg3 Rhd8 24.
Rc4 {+/-/+/= _|_}) 20... Ne7 (20... Nxd4 21. Bxd4 Rxd4 22. Rxd4 Qxd4 23. Qxg7
Qxa1+ 24. Kg2 {/\Qxb7#, Qxh8 +-}) 21. d5 (21. Bxb7 $142 Rh6 (21... Ng6 $5) 22.
Rd3 $16) (21. Rd3 {/\Bb7,Rg3} Rd7 22. Bc1 {/\Bg5 +/-}) 21... Nxd5 22. Bxd5 (22.
Rd4 Nf4 23. Rxb4 Nh3+ $1 (23... Nxg2 $2 24. Rxb7+ Ka8 25. Rb4+ Rd5 26. Bxd5+
exd5 27. Rxh4 Nxh4 28. Rd1 $16 {_|_}) 24. Qxh3 $8 Qxh3 25. Rxb7+ Ka8 $8 26. Bc6
(26. Bg2 Qxh2+ 27. Kf1 Qxg2+ 28. Kxg2 Kxb7 $19) 26... Qxh2+ (26... Rc8 $4 27.
Rc7+ $10) 27. Kf1 Qh1+ $1 28. Bxh1 Rxh1+ 29. Kg2 Rxa1 30. Rxg7 Rxa2 $19) 22...
Rxd5 23. Rxd5 exd5 24. Rd1 Qe4 (24... Rd8 $2 25. Rd4 Qe7 26. Rxd5 $18) 25. Qxe4
dxe4 26. Rd7 Kc8 27. Rxg7 Rd8 28. e6 $2 (28. a3 Bc5 29. b4 Bxf2+ 30. Kxf2 Rd2+
31. Ke3 Rxb2 $13) 28... e3 $1 29. fxe3 (29. Kf1 Rd1+ 30. Ke2 Rd2+ 31. Kxe3 Rxb2
{/\Bc5 -+}) (29. e7 Rd1+ (29... e2 $2 30. exd8=Q+ Kxd8 31. Bf6+ Ke8 32. Re7+ $1
Bxe7 33. Bc3 {/\Kg2-f3+/-}) 30. Kg2 Kd7 31. Rg3 f4 $1 (31... e2 $2 32. e8=Q+ (
32. Re3 $2 e1=N+ $18) 32... Kxe8 33. Re3+ {+/-/+-}) 32. Rg5 Bxe7 $19) 29...
Rd1+ 30. Kg2 Rd2+ 31. Kf3 Rxb2 32. h4 Rxa2 33. h5 Rh2 34. Rh7 Rh4 35. h6 a5 36.
Ke2 (36. e7 Kd7 37. e8=Q+ Kxe8 38. Rxb7 Rxh6 39. Kf4 Rf6 40. e4 fxe4+ 41. Kxe4
Rd6 $19 {Pa+Bb4}) 36... b6 37. Kd3 Kd8 {/\Ke8,Bf8,קh6} 38. Rh8+ (38. Rd7+ Ke8
39. h7 Be7 $19) 38... Ke7 39. h7 Kf6 {/\Be7,Ke6 -+} 40. e7 Bxe7 41. Rb8 Rxh7
42. Rxb6+ Kg5 43. Rb7 Kg6 44. Rb6+ Bf6 45. Ra6 Re7 46. Rxa5 Bg5 0-1

[Event "Candidates FIDE f1"]
[Site "Sanghi Nagar"]
[Date "1995.??.??"]
[Round "3"]
[White "Gelfand, Boris"]
[Black "Karpov, Anatoly"]
[Result "1-0"]
[WhiteElo "2700"]
[BlackElo "2765"]
[Annotator "Ftacnik,L"]
[PlyCount "89"]
[EventDate "1995.02.??"]
[EventType "match"]
[EventRounds "9"]
[EventCountry "IND"]
[SourceTitle "CBM 045"]
[Source "ChessBase"]
[SourceDate "1995.04.01"]
[SourceVersion "1"]
[SourceVersionDate "1995.04.01"]
[SourceQuality "1"]

1. e4 c6 2. d4 d5 3. e5 Bf5 4. Nf3 e6 5. Be2 c5 6. Be3 cxd4 7. Nxd4 Ne7 8. c4
$5 (8. O-O {Gelfand,B-Karpov,An/Sanghi Nagar FIDE sf (01)/1995/}) 8... Nbc6 (
8... dxc4 9. Qa4+ Qd7 $5 10. Qxc4 Nbc6) 9. Qa4 dxc4 10. Na3 Qa5+ (10... Qd5 $6
11. Nxc4 $1 Qxg2 12. Nd6+ Kd7 13. Bf3 $16) (10... Qd7 11. Nxc4) 11. Qxa5 Nxa5
12. Nab5 Nd5 13. Nxf5 exf5 14. Bd2 a6 (14... Bb4 $5 15. Nd6+ (15. Bxb4 Nxb4 16.
Nc7+ Kd7 17. Nxa8 Nc2+ 18. Kd2 Nxa1 $15) 15... Kf8 16. Bf3 Bxd2+ 17. Kxd2 Ne7
18. Kc3 $36) 15. Nd4 Bb4 (15... Nc6 16. Nxc6 bxc6 17. Bxc4 $16) 16. Nxf5 O-O $6
(16... Bxd2+ $5 17. Kxd2 O-O 18. Nd6 Rad8 19. Bf3 Nf4 $132) 17. Bxb4 Nxb4 18.
O-O b5 (18... Nd3 19. Bxd3 (19. f4 Nxb2 20. Rab1 Na4 $15) 19... cxd3 $1 20. Nd6
(20. Rad1 Nc4 21. Rfe1 Nxb2 22. Rd2 Nc4 23. Rxd3 Rfd8 $10) 20... Nc6 21. f4 $16
) (18... Rfd8 19. Rad1) 19. f4 Rfd8 (19... Nd3 20. Bxd3 cxd3 21. b3 $16 {xd3})
20. Rad1 Kf8 (20... Nd3 21. Bxd3 Rxd3 22. Rxd3 cxd3 23. Rd1 Rd8 24. b3 $16) 21.
Nd6 Rab8 (21... c3 22. bxc3 Nxa2 23. Ra1 Nxc3 24. Bf3 $18) 22. a3 Nbc6 (22...
Nc2 23. Kf2 $1 (23. Rd2 $2 Ne3 24. Re1 Nb3 $17) 23... Nc6 24. Bf3 N2d4 25. Be4
g6 26. g4 Rb6 27. Ke3 $16) 23. Bf3 Rd7 24. Rfe1 Rc7 (24... Rbd8 25. Bg4 Re7 26.
Nc8 $16) 25. f5 Rd8 26. Bg4 h5 $6 (26... Rcd7 27. f6 Rc7 28. fxg7+ (28. Nf5 $16
) 28... Kxg7 29. Nf5+ $16) (26... Nb3 27. e6 fxe6 28. fxe6 Ncd4 29. Nf5 $16)
27. Bxh5 Rcd7 (27... f6 28. exf6 gxf6 29. Re6 $18) 28. Bxf7 $1 Rxd6 (28... Rxf7
29. Nxf7 Kxf7 30. Rxd8 Nxd8 31. e6+ Ke8 32. Rd1 $18) (28... Nxe5 29. Rxe5 Rxd6
30. Rxd6 Rxd6 31. Bg6 $18) 29. Rxd6 Rxd6 (29... Kxf7 30. Rxd8 Nxd8 31. e6+) 30.
exd6 Kxf7 31. d7 Nb7 32. Re8 Nbd8 (32... a5 33. Kf2 b4 34. axb4 axb4 35. Ke1 $1
(35. Ke3 c3 36. bxc3 bxc3 37. Kd3 Nc5+ 38. Kxc3 Nxd7 $14) 35... c3 36. bxc3
bxc3 37. Kd1 Nbd8 38. Kc2 $18) 33. Kf2 a5 34. Ke3 Kf6 35. g4 (35. Kf4 b4 36.
axb4 axb4) 35... Kg5 36. h3 b4 37. axb4 axb4 38. Kd2 Kf6 (38... Kh4 39. Rg8
Kxh3 40. Rxg7 $18) 39. h4 g6 (39... Kf7 40. g5 g6 41. fxg6+ (41. f6 Ne6 $16)
41... Kxg6 42. Rf8 Kh5 43. Rg8 Kxh4 44. g6 Kg5 45. g7 Ne6 46. Rc8 $18) 40. fxg6
Kxg6 41. h5+ Kh6 (41... Kg5 42. Rh8 Kf6 43. Rg8 $18) 42. Kc1 Kg5 43. Rh8 Kf6 (
43... Kxg4 44. h6 Kg5 45. h7 Kg6 46. Rxd8 $18) 44. Rg8 Kf7 45. Re8 (45. Re8 Kf6
46. h6 Kg6 47. g5 Kh7 48. Kd2 Kg6 49. Rg8+ $18) 1-0

[Event "Hoogovens"]
[Site "Wijk aan Zee"]
[Date "1996.01.18"]
[Round "5"]
[White "Shirov, Alexei"]
[Black "Adams, Michael"]
[Result "1-0"]
[WhiteElo "2690"]
[BlackElo "2660"]
[Annotator "Shirov,A"]
[PlyCount "69"]
[EventDate "1996.01.13"]
[EventType "tourn"]
[EventRounds "13"]
[EventCountry "NED"]
[EventCategory "17"]
[SourceTitle "CBM 051"]
[Source "ChessBase"]
[SourceDate "1996.04.01"]
[SourceVersion "1"]
[SourceVersionDate "1996.04.01"]
[SourceQuality "1"]

1. e4 c6 2. d4 d5 3. e5 Bf5 4. Nf3 e6 5. Be2 Nd7 6. O-O Ne7 7. Nh4 Be4 $5 $146
(7... c5) (7... Qb6) (7... Bg6) 8. Nd2 Nf5 9. Nhf3 c5 10. c3 Be7 $6 (10... cxd4
) (10... Qb6 $5) 11. g4 Bxf3 12. Nxf3 Nh4 13. Nxh4 Bxh4 14. f4 $14 cxd4 15.
cxd4 Be7 16. Be3 Qb6 17. Bd3 O-O 18. Qe2 {(/\19.f5+/-)} f6 19. Kg2 $6 (19. Kh1
$1 Rf7 $1 (19... fxe5 20. fxe5 Rxf1+ 21. Rxf1 Rf8 22. Rc1 $16 Qd8 $140 23. g5
$1 Bxg5 $2 24. Qh5 Bh6 (24... h6 25. Qg6 Qb6 (25... Rf7 26. Qh7+ Kf8 27. Rc8
Qxc8 28. Qh8+ Ke7 29. Bxg5+ hxg5 30. Qxc8 $18) (25... Bxe3 26. Qh7+ Kf7 27.
Bg6+) 26. Bxg5 hxg5 27. Qh7+ Kf7 28. Qh5+ Ke7 29. Qxg5+ $18) 25. Rg1 Kh8 26.
Bxh6 gxh6 27. Bxh7 $18) (19... Rac8 $6 20. f5 $1 fxe5 21. fxe6 Qxe6 22. Bf5 $16
) 20. Rg1 $5 $14 {/\21.Rg3->}) 19... fxe5 20. fxe5 Rxf1 21. Rxf1 Rf8 22. Rc1
Qd8 23. Qc2 $5 (23. g5 $5 Bxg5 24. Qh5 Bh6 $1 (24... h6 25. Qg6 $18) 25. Bxh6
gxh6 26. Qxh6 Rf7 $1 (26... Qe7 $2 27. Rc7 $16) 27. Kh1 (27. Qxe6 $4 Qg5+ $19)
27... Nf8 28. Rg1+ Kh8 $10) 23... Bg5 $1 (23... h6 24. Qc7 Bg5 25. Qxd8 Bxd8
$14) 24. Bxh7+ Kh8 25. Re1 Bxe3 (25... Bf4 $2 26. Bf2 Qg5 27. h3 $16) 26. Rxe3
Rf4 $2 (26... Qg5 27. Rg3 Qf4 28. Bd3 Kg8 (28... Qxd4 $2 29. Rh3+ Kg8 30. Bh7+
Kf7 31. Qg6+ Ke7 32. Qg5+ $18) 29. Bh7+ (29. Qc3 $6 Nb8 $1 $15) 29... Kh8 30.
Bd3 Kg8 $10) 27. Rg3 $16 Rxd4 $2 (27... Qh4 28. Bd3 Kg8 (28... Nf8 29. h3 $16)
29. Qc7 Nf8 30. h3 $16 Rxd4 $140 $2 31. Rf3 $18) (27... g5 28. Qg6 Rxd4 29.
Qxe6 $1 (29. Qh5 Kg7 $1 $13) (29. Bg8 Rd2+ 30. Kh1 (30. Kf1 Rxh2 $13) 30...
Rd1+ 31. Kg2 Rd2+ $10) 29... Rd2+ 30. Kf1 $1 (30. Kh3 Kxh7 31. Rf3 Qh8 $3 32.
Qf7+ Qg7 33. e6 Ne5 34. Qh5+ Kg8 $10) 30... Rxh2 31. Bf5 $16) 28. Qf2 $1 $18
Rb4 $6 (28... Kxh7 $142 29. Qxd4 $18) 29. Bg6 Qh4 (29... Qe7 30. Rh3+ Kg8 31.
Bf7+ Qxf7 32. Rh8+ Kxh8 33. Qxf7 Rxb2+ (33... Rxg4+ 34. Kh3 $18) 34. Kg3 $18)
30. Qf7 Rxb2+ 31. Kf1 Nf6 32. Qf8+ $6 (32. exf6 Qxf6+ 33. Rf3 $18) 32... Ng8
33. Rc3 {(/\34.Qxg8+ Kxg8 35.Rc8+)} Rb1+ 34. Bxb1 Qxg4 35. Qf3 1-0

[Event "Las Palmas"]
[Site "Las Palmas"]
[Date "1994.??.??"]
[Round "2"]
[White "Shirov, Alexei"]
[Black "Karpov, Anatoly"]
[Result "0-1"]
[WhiteElo "2705"]
[BlackElo "2740"]
[Annotator "Blatny,P"]
[PlyCount "76"]
[EventDate "1994.05.??"]
[EventType "tourn"]
[EventRounds "9"]
[EventCountry "ESP"]
[EventCategory "17"]
[SourceTitle "CBM 042"]
[Source "ChessBase"]
[SourceDate "1994.10.01"]
[SourceVersion "1"]
[SourceVersionDate "1994.10.01"]
[SourceQuality "1"]

1. e4 {Shirov} c6 2. d4 d5 3. e5 Bf5 4. Nf3 e6 5. Be2 c5 6. O-O Nc6 7. c3 cxd4
8. cxd4 Nge7 9. a3 Nc8 $5 (9... Be4 10. Nbd2 Nf5 11. b4 a5 (11... Qb6 12. Bb2
Rd8 $13) 12. g4 $1 Bxf3 13. Nxf3 Nh4 14. Nxh4 Qxh4 15. b5 Nb8 (15... Ne7 16.
Bf4 h5 (16... Ng6 17. Bg3 {/\f4-f5->K}) 17. Bg3 Qg5 18. f4 $40) 16. f4 Be7 {
Shirov-Magem Badals/Madrid/1994/} 17. Kg2 {/\Rf3-h3, ףh4}) (9... Be4 {Shirov})
10. Nbd2 (10. Be3 Nb6 11. Nbd2 Be7 12. Qb3 O-O 13. Rfc1 Qd7 14. Qb5 Bd8 15. Rc5
a6 16. Qb3 Qc8 17. h3 Nd7 18. Rc3 Qb8 $10 {Nevednichy,V-Grigore,G/Bucharest/
1994/}) (10. Bg5 $142 {Shirov} Be7 11. Bxe7 Qxe7 12. Nc3 $10) 10... Be7 11. b3
(11. b4 $142 Nb6 (11... a5 {Shirov} 12. b5 Nb8 $1 {/\ Nd7}) 12. Bb2 Rc8 13. Rc1
$132) 11... a5 12. Bb2 N8a7 13. Re1 O-O 14. Nf1 Rc8 (14... b5 15. Ng3 Bg6 16.
Rc1 Qb6 17. Bd3 Bxd3 18. Qxd3 Rfc8 $15) (14... Qb6 $5 15. Ng3 (15. Rc1 Nb5 $5
16. a4 Nba7 $15) 15... Bg6 16. h4 h6 17. Bd3 $6 Bxd3 18. Qxd3 a4 $1 19. b4 Qb5
$15 {><c4,Bb2}) 15. Ng3 (15. Ne3 {Shirov} Bg6 {/\ Qb6=/+}) 15... Bg6 16. Qd2
Qb6 17. Bd1 Rc7 18. h4 h6 19. Re2 Rfc8 20. Qf4 Nb8 $15 21. Re3 Nb5 (21... Rc6 {
/\Qd8-f8,Nb5 ->Pa3}) 22. Ne2 Nd7 23. Nh2 (23. Ne1 {Shirov}) 23... Rc6 24. Ng4
Qd8 25. Rh3 Qf8 {קa3} (25... Bxh4 $4 26. Rxh4 Qxh4 27. Nf6+ $18) 26. a4 Na3 (
26... Nc7 $15 {Shirov}) 27. Bxa3 $6 (27. h5 $142 Bc2 28. Rc3 Bxd1 29. Rxd1 Bg5
30. Qf3 Nc2 $15) 27... Bxa3 28. Rg3 h5 29. Ne3 Bb2 30. Ra2 Bc1 {/\׫P} 31. Qg5
Qb4 32. Nf4 (32. Kh2 $8 Bxe3 33. fxe3 Nf8 {=/+/-/+ ץd1,Ra2; <->c} (33... Nf8
$1 {Shirov} 34. Rb2 (34. Nf4 $2 Nh7 $19) 34... Qe1 35. Rb1 Qd2 $17) (33... Qe1
$2 34. Nf4 $13)) 32... Bxe3 33. fxe3 Rc1 $1 (33... Qe1+ $2 34. Kh2 Qxd1 35.
Nxg6 Rc1 (35... fxg6 $4 36. Qxg6 Kf8 37. Rf2+ Ke7 38. Qf7+ Kd8 39. Rxg7 $18)
36. Ne7+ Kf8 37. Rf3 Qg1+ 38. Kg3 R8c2 39. Rxc2 Rxc2 40. Ng6+ Kg8 41. Qd8+ Kh7
42. Nf4 Qe1+ 43. Kh2 Qd1 $8 44. Nh3 $1 f6 45. exf6 Nxf6 46. Ng5+ Kg6 47. Rxf6+
$1 gxf6 48. Qg8+ Kf5 49. Qxe6+ Kg6 50. Qf7+ Kf5 51. Qd7+ Kg6 52. Qh7#) 34. Nxg6
Rxd1+ $19 35. Kh2 fxg6 36. Qxg6 Qe7 37. Rf2 $2 Qxh4+ 38. Rh3 Qxf2 0-1

[Event "FIDE-Wch"]
[Site "NED/INA"]
[Date "1993.??.??"]
[Round "17"]
[White "Timman, Jan H"]
[Black "Karpov, Anatoly"]
[Result "1/2-1/2"]
[WhiteElo "2620"]
[BlackElo "2760"]
[Annotator "Ftacnik,L"]
[PlyCount "66"]
[EventDate "1993.09.??"]
[EventType "match"]
[EventRounds "21"]
[EventCountry "NED"]
[SourceTitle "CBM 036"]
[Source "ChessBase"]
[SourceDate "1993.10.01"]
[SourceVersion "1"]
[SourceVersionDate "1993.10.01"]
[SourceQuality "1"]

1. e4 c6 2. d4 d5 3. e5 Bf5 4. Nc3 e6 5. g4 Bg6 6. Nge2 c5 7. h4 h5 $5 8. Nf4
Nc6 9. Nxg6 fxg6 10. Ne2 (10. gxh5 cxd4 11. Nb5 Rxh5) (10. dxc5 Bxc5) (10. Be3
$2 cxd4 11. Bxd4 Nh6 12. gxh5 $2 Nf5) (10. Bb5 cxd4 11. Qxd4 Nge7 12. Qd3 hxg4
13. Bxc6+ Nxc6 14. Qxg6+ Kd7 15. Bf4 Qe8 16. Qxg4 Qh5 $1) (10. Qd3 $2 cxd4 11.
Nb5 (11. Qxg6+ Kd7 12. Nb5 Nxe5) 11... hxg4 $1 12. Qxg6+ Kd7 13. Qxg4 Qb6 $1
$132 {Timman,J-Seirawan,Y/Hilversum (m-4)/1990/}) 10... Nge7 $5 (10... hxg4 $5
11. Nf4 Nxd4 12. Qxg4 g5 $5 13. Ng6 Nh6 $5 14. Qh5 Qa5+ 15. Bd2 Qa4 16. Nxh8+
Kd7) (10... cxd4 11. Nxd4 Nxd4 12. Qxd4 Ne7 $13) 11. Nf4 cxd4 12. Bh3 (12. Nxe6
Qd7 $13) 12... Nxe5 13. Qe2 (13. Nxe6 Qa5+ 14. Bd2 Qb6 $1) 13... N7c6 14. Nxe6
Qa5+ 15. Kf1 hxg4 16. Bxg4 Bd6 17. Kg2 (17. Nxg7+ Kf7 18. Ne6 Qb6 $13) 17...
Qa6 18. Qd1 Nxg4 (18... d3 $5 $13) 19. Qxg4 Ne5 20. Qxd4 Qc4 $1 21. Qxc4 dxc4
22. Be3 Kd7 23. Ng5 Be7 (23... Rae8 24. Rad1 Kc6 25. Bxa7 Ra8 26. Bd4 Rxa2 27.
Rhe1 $40) 24. Rad1+ Kc6 25. Ne6 (25. Rd4 $1 b5 26. Rhd1 $16) 25... Bf6 26. Nd4+
Kb6 $1 (26... Kc7 27. Nb5+ $16) 27. Nf3+ Kc6 28. Nd4+ Kb6 29. Rhe1 Rae8 30.
Ne6+ Kc6 31. Nd4+ Kb6 32. Bg5 Nf7 (32... Bxg5 33. hxg5 Nf7 34. Ne6 $16) 33. Be3
Ka6 1/2-1/2